| 000 | 00526nam a22001937a 4500 | ||
|---|---|---|---|
| 005 | 20151221062527.0 | ||
| 008 | 110815s2013 nyua b 001 0 eng | ||
| 020 | _a9780073380360 | ||
| 020 | _a0073380369 | ||
| 041 | 0 | _aeng | |
| 080 | _a621.39 | ||
| 100 | 1 | _aMesiya, Mohammed Farooque. | |
| 245 | 1 | 0 |
_aContemporary communication systems / _cM F Mesiya. |
| 260 |
_aNew York : _bMcGraw-Hill, _c2013. |
||
| 300 |
_a942 f. : _bme il.; _c26 cm. |
||
| 505 | _aIndex: f. 936 - 942 | ||
| 650 | 0 | _aTelekomunikacioni | |
| 942 |
_2udc _cBK |
||
| 999 |
_c752 _d752 |
||